Indian route march / (Record no. 18426)

MARC details
000 -LEADER
fixed length control field 00832cam a22002775a 4500
001 - CONTROL NUMBER
control field 216957
003 - CONTROL NUMBER IDENTIFIER
control field BDDh-ASL
005 - DATE AND TIME OF LATEST TRANSACTION
control field 20231015025716.0
008 - FIXED-LENGTH DATA ELEMENTS--GENERAL INFORMATION
fixed length control field 990219s1946 enkf 000 0 eng
010 ## - LIBRARY OF CONGRESS CONTROL NUMBER
LC control number 99174998
035 ## - SYSTEM CONTROL NUMBER
System control number (OCoLC)01506567
040 ## - CATALOGING SOURCE
Original cataloging agency JPL
Transcribing agency JPL
Modifying agency BDDh-ASL
050 00 - LIBRARY OF CONGRESS CALL NUMBER
Classification number ACQ IN PROCESS (COPIED)(lccopycat)
082 ## - DEWEY DECIMAL CLASSIFICATION NUMBER
Classification number 910.92
Item number HAI
100 1# - MAIN ENTRY--PERSONAL NAME
Personal name Hagen, Louis Edmund,
Dates associated with a name 1916-
245 10 - TITLE STATEMENT
Title Indian route march /
Statement of responsibility, etc. by Louis Hagen.
250 ## - EDITION STATEMENT
Edition statement 1st ed.
260 ## - PUBLICATION, DISTRIBUTION, ETC.
Place of publication, distribution, etc. London :
Name of publisher, distributor, etc. Pilot Press,
Date of publication, distribution, etc. 1946.
300 ## - PHYSICAL DESCRIPTION
Extent 192 p. :
Other physical details incl. plates. ;
Dimensions 19 cm.
650 #0 - SUBJECT ADDED ENTRY--TOPICAL TERM
Topical term or geographic name entry element National characteristics, East Indian.
651 #0 - SUBJECT ADDED ENTRY--GEOGRAPHIC NAME
Geographic name India
General subdivision Description and travel.
651 #0 - SUBJECT ADDED ENTRY--GEOGRAPHIC NAME
Geographic name India
General subdivision Social life and customs.
906 ## - LOCAL DATA ELEMENT F, LDF (RLIN)
a 0
b ibc
c orignew
d 3
e ncip
f 19
g y-gencatlg
942 ## - ADDED ENTRY ELEMENTS (KOHA)
Source of classification or shelving scheme Dewey Decimal Classification
Koha item type Books
Holdings
Withdrawn status Lost status Source of classification or shelving scheme Damaged status Not for loan Collection code Home library Current library Shelving location Date acquired Source of acquisition Total Checkouts Full call number Barcode Date last seen Copy number Price effective from Koha item type Public note
    Dewey Decimal Classification   Not For Loan Non-fiction Asiatic Society Library Asiatic Society Library Harrison Collection 09/29/2020 Donated by Prof. John B. Harrison   910.92 HAI 101616 09/29/2020 C-1 09/29/2020 Books RARE

Powered by Koha